Selected papers / (Record no. 7280)
[ view plain ]
| 000 -LEADER | |
|---|---|
| fixed length control field | 01126nam a2200325I 4500 |
| 001 - CONTROL NUMBER | |
| JCCL Control Number | 7280 |
| 003 - CONTROL NUMBER IDENTIFIER | |
| JCCL marc code | BD - Jhcc |
| 005 - DATE AND TIME OF LATEST TRANSACTION | |
| control field | 20180403103330.0 |
| 008 - FIXED-LENGTH DATA ELEMENTS--GENERAL INFORMATION | |
| fixed length control field | 750804 1974 eng c |
| 035 ## - SYSTEM CONTROL NUMBER | |
| system control number | MITb10009524 |
| 035 ## - SYSTEM CONTROL NUMBER | |
| system control number | (BD - Jhcc)7280 |
| 035 ## - SYSTEM CONTROL NUMBER | |
| system control number | GLIS00009524 |
| 040 ## - CATALOGING SOURCE | |
| Original cataloging agency | M.I.T. |
| Modifying agency | BD-JhCC |
| 041 ## - LANGUAGE CODE | |
| Language code of Book | eng |
| 082 ## - DEWEY DECIMAL CLASSIFICATION NUMBER | |
| Author mark and Year | LON 1974 |
| Classification number | 631.587 |
| 090 ## - LOCALLY ASSIGNED LC-TYPE CALL NUMBER (OCLC); LOCAL CALL NUMBER (OCLC) | |
| Classification number (OCLC) (R) ; Classification number, CALL (RLIN) (NR) | TC803 |
| Local cutter number (OCLC) ; Book number/undivided call number, CALL (RLIN) | .S6 1973 |
| 099 ## - LOCAL FREE-TEXT CALL NUMBER | |
| Classification number | TC803.S6 1973 |
| 100 ## - MAIN ENTRY--PERSONAL NAME | |
| Personal name | Long, James |
| 111 2# - MAIN ENTRY--MEETING NAME | |
| Meeting name or jurisdiction name as entry element | Specialty Conference on Agricultural and Urban Considerations in Irrigation and Drainage |
| Date of meeting | (1973 : |
| Location of meeting | Fort Collins, Colo.) |
| 245 10 - TITLE STATEMENT | |
| Title | Selected papers / |
| Remainder of title | James Long |
| 260 ## - PUBLICATION, DISTRIBUTION, ETC. (IMPRINT) | |
| Place of publication, distribution, etc | New York, |
| Name of publisher, distributor, etc | American Society of Civil Engineers, |
| Date of publication, distribution, etc | 1974. |
| 300 ## - PHYSICAL DESCRIPTION | |
| Pagination | 126 p. : |
| Other physical details | ill. ; |
| Dimensions | 22 cm. |
| 500 ## - GENERAL NOTE | |
| General note | Cover title: Agricultural and urban considerations in irrigation and drainage. |
| 504 ## - BIBLIOGRAPHY, ETC. NOTE | |
| Bibliography, etc | Includes bibliographical references. |
| 650 #0 - SUBJECT ADDED ENTRY--TOPICAL TERM | |
| Topical term or geographic name as entry element | Irrigation |
| Geographic subdivision | United States |
| Form subdivision | Congresses. |
| 650 #0 - SUBJECT ADDED ENTRY--TOPICAL TERM | |
| Topical term or geographic name as entry element | Drainage |
| Geographic subdivision | United States |
| Form subdivision | Congresses. |
| 650 #0 - SUBJECT ADDED ENTRY--TOPICAL TERM | |
| Topical term or geographic name as entry element | Water-supply |
| Geographic subdivision | United States |
| Form subdivision | Congresses. |
| 942 ## - ADDED ENTRY ELEMENTS (KOHA) | |
| Source of classification or shelving scheme | Dewey Decimal Classification |
| Koha item type | Books |
| Source of classification or shelving scheme | Damaged status | Not for loan | Home library | Current library | Shelving location | Date of accession | Total Checkouts | Full call number | Barcode | Date last seen | Copy number | Koha item type |
|---|---|---|---|---|---|---|---|---|---|---|---|---|
| Dewey Decimal Classification | JCC Rouf Library | JCC Rouf Library | General Stacks | 02/07/2018 | 631.587 LON 1974 | 8657 | 02/07/2018 | C - 1 | Books |